| 000 | 01785nam0a22003731 4500 | ||
|---|---|---|---|
| 001 | v19\rc\1542168 | ||
| 005 | 20260406141856.0 | ||
| 035 | _a(NLR Aleph) 004659739 | ||
| 090 |
_a3534123 _c3534123 |
||
| 100 | _a20060620d1885 |||y0rusy50 ca | ||
| 101 | 0 | _arus | |
| 102 | _aRU | ||
| 105 | _ay z ||||| | ||
| 200 | 1 |
_aФилологические разыскания _f[Соч.] Я. Грота |
|
| 205 | _a3-е изд. Т. 1-2 | ||
| 210 |
_aСанкт-Петербург _cтип. Акад. наук _d1885 |
||
| 215 |
_a2 т. _d23 |
||
| 327 | 1 | _aСодерж.: Т. 1. Материалы для словаря, грамматики и истории русского языка. Т. 2. Спорные вопросы русского правописания от Петра Великого доныне | |
| 464 | 0 |
_12001#$aМатериалы для словаря, грамматики и истории русского языка$aСпорные вопросы русского правописания от Петра Великого доныне _1702#0$aПетр$cимператор российский$dI$f1672-1725$3RU\NLR\AUTH\778862$4570 _tСпорные вопросы русского правописания от Петра Великого доныне |
|
| 700 | 1 |
_8rus _7ca _aГрот _bЯ. К. _f1812-1893 _gЯков Карлович _3RU\NLR\AUTH\773472 _9113468 |
|
| 801 | 0 |
_aRU _bNLR _gpsbo |
|
| 801 | 0 |
_aRU _bRuMoRGB _2psbo |
|
| 801 | 1 |
_aRU _bProSoft-M _2rusmarc |
|
| 852 |
_aNLR _j18.280.3.44 |
||
| 852 |
_aNLR _j131/94(1) |
||
| 899 |
_aRuMoRGB _jW 299/114 (т. 1-2) |
||
| 899 |
_aRuMoRGB _jJ 91/191 |
||
| 899 |
_aRuMoRGB _jT 22/330 |
||
| 899 | _aБАН | ||
| 899 | _aНБ СПбГУ | ||
| 899 | _aГПИБ | ||
| 942 | _cBOOK | ||
| 980 | _aNB | ||